000 00796nam a2200301Ia 4500
001 5329
003 IT-RoPAU
008 130308s9999 xx 000 0 und d
040 _aIT-RoPAU
040 _cIT-RoPAU
041 _aFRANCESE
100 _aSchaefer Anne
100 _gCodice Aut. SPICS: 1519
245 _aEnfant photographe (L')
245 _bEnfant createur d'images (L')
250 _a1a ed.
260 _aTOURNAI (BELGIO)
260 _bCasterman
260 _c1977 [1° Ed.:1977 - Ed.Ling.Originale:1975]
300 _a"15 p. (prefazione: no ; testo: 15 [pagine: 24-38])"
500 _aBambino Fotografo
650 _aPEDAGOGIA DELLA COMUNICAZIONE SOCIALE
650 _eCodice materia Spics: 3804
942 _cBK
957 _71
999 _c44018
_d44018
999 _bSI
999 _g1